000 00668nam a2200169 a 4500
001 000046173
005 20201002052703.0
008 150701s2004 dr ac 000 0 spa d
040 _aDO-SdBNP
_bspa
_cBNPHU
082 _axxxx
_bxxxx
110 1 _aRepública Dominicana.
_bSecretaría de Estado de Interior y Policía
_954546
240 1 3 _a[Leyes, etc.]
245 1 0 _aResolución, procedimientos y disposiciones relativas al porte y tenencia de armas de fuego /
_cFranklin Almeyda Rancier.
260 _aSanto Domingo :
_bSecretaría de Estado de Interior y Policía,
_c[s.f.].
300 _a[12] p. :
_bil., retrs. ;
_c22 cm.
700 1 2 _aAlmeyda Rancier, Franklin
_937117
999 _c45662
_d45662